000 00503nam a2200169Ia 4500
008 090201s9999 xx 000 0 und d
010 _aKPL-44947
040 _bमराठी
041 _aमराठी
082 _a33383
_b44947
100 _aपु भा भावे
245 _aस्मरणी
_cपु भा भावे
260 _c2004
_bविश्वमोहिनी प्रकाशन
300 _a146
_bमोठा
600 _aस्मरणी
942 _cBOOK
999 _c231647
_d231647